Riconosci la Stato degli Stati Uniti - Quiz n°25 - Statistics

Statistiche generali
  • Questo quiz è stato fatto 4 volte
  • Il punteggio medio è 6 su 10
Statistiche sulle risposte
Indizio Risposta % Corretto
Superficie 286 367 km²
100%
Numero stati confinanti 5
100%
Iniziale della Capitale C
100%
Popolazione 3 104 614 ab.
67%
Fuso orario UTC-8, -7
67%
Altitudine 147 - 4 007,1 m s.l.m.
33%
Numero contee 17
33%
Data di istituzione 31 ottobre 1864
33%
Stato federale Nevada
33%
Rappresentanza parlamentare Rappresentanti: 3 D, 1 R 2 Senatori: Catherine Cortez Masto (D), Jacky Rosen (D)
33%
Nessun quiz corrispondente trovato
Distribuzione punteggi
Percentuale di utenti per punteggio
Percentile per numero di risposta
I tuoi punteggi nel tempo
Non hai fatto questo quiz